| 000 | 01768nam a22003617a 4500 | ||
|---|---|---|---|
| 003 | OSt | ||
| 005 | 20230421090148.0 | ||
| 008 | 221006b |||||||| |||| 00| 0 eng d | ||
| 040 | _cBiblioteca Lado V | ||
| 082 |
_a700 _bZ39a |
||
| 100 |
_9802 _aZaya, Antonio _eeditor _edirector |
||
| 245 |
_aAtalantica/ _bRevista de Arte y Pensamiento/ |
||
| 260 |
_bCentro Atlantico de Arte Moderno _c1992 _aEspaña |
||
| 300 |
_c24x30cm _a136p. |
||
| 366 | _efre | ||
| 366 | _eeng | ||
| 490 |
_v1992 _x1132-8428 _a4 |
||
| 505 |
_tTerritorios _aEntrevista a Gary Simmons La pintura Islamica figurativa The famished road: la realidad y la magia Entrevista con JOHN CAGE JOHN CAGE o la revelacion de la eterna escucha CAGE y España |
||
| 505 |
_tNexus _aEntrevista con Carmen Waugh Mas allá del neoclasicismo y el primitivismo Portafolio Fotográfico de Yolanda Andrade |
||
| 505 |
_tRevista _aEntrevista con TONY PALMER CESAR MANRIQUE SAINT CLAIR CEMIN Artistas latinoamericanos CUEVAS, GALAN Y ROJOS CANDIDO CAMACHO La libre marceña De la locura considerada Juan Gopar IRA TIERRA |
||
| 505 | _tEDICION INGLESA | ||
| 505 | _tJOSE LIRIO | ||
| 650 |
_2Tesauro de Arte & Arquitectura _aARTE _9703 |
||
| 650 |
_2Tesauro de Arte & Arquitectura _aEXPOSICIONES |
||
| 650 |
_2Tesauro de Arte & Arquitectura _aCULTURA |
||
| 650 |
_2Tesauro de Arte & Arquitectura _aAPRECIACION |
||
| 650 |
_2Tesauro de Arte & Arquitectura _aTEORIA |
||
| 650 |
_2Tesauro de Arte & Arquitectura _aCRITICA |
||
| 650 |
_2Tesauro de Arte & Arquitectura _aFOTOGRAFIA _9702 |
||
| 650 |
_2Tesauro de Arte & Arquitectura _aLITERATURA |
||
| 650 |
_2Tesauro de Arte & Arquitectura _aESPAÑA |
||
| 942 |
_2ddc _c1 _h700 _iZ39a _n0 |
||
| 999 |
_c3414 _d3414 |
||